000 00465nam a22001817a 4500
003 CEME
005 20210628203130.0
008 210118b xxu||||| |||| 00| 0 eng d
020 _a81-7319-560-9
040 _cceme
082 _a519.3 SHI
100 _aShikare, M.M , Waphare,B.N
_963512
245 _aCombinatorial optimization
260 _aNEW DELHI
_bNAROSA
_c2004
300 _aIX,225 P
650 _aCOMBINATORIAL OPTIMIZATION
_910548
942 _cBK
_2ddc
999 _c572311
_d572311